00330nam a2200109Ia 4500008004100000082002000041100002900061245002200090260003800112630001800150650005200168211118s9999||||xx |||||||||||||| ||und|| a894.8124bSIV-O aSivapuram, Ahammed Kutty 0aOnninte Lokathaku bOlive PublicationsaCalicutc1999 xGeneral Stack aMalayalam LiteraturevMalayalam EssaysMalayalam